| 000 | 00414nam a2200169Ia 4500 | ||
|---|---|---|---|
| 008 | 240729s9999 xx 000 0 und d | ||
| 022 | _a2304-6740 | ||
| 245 | 0 | _aInorganics | |
| 260 | _aSwitzerland | ||
| 260 | _bMDPI AG | ||
| 650 | _a Chemistry | ||
| 650 | _a Inorganic chemistry | ||
| 650 | _aScience | ||
| 856 | _uhttps://doaj.org/toc/11214678f147416cb76f47981b4fc021 | ||
| 942 | _2ddc | ||
| 942 | _cDOAJEJ | ||
| 999 |
_c74294 _d74294 |
||
| 945 |
_a1 _bMadushi Gamage _c1 _dMadushi Gamage |
||